000 00497nam a2200169Ia 4500
003 GCL
008 140319s9999 xx 000 0 ara d
040 _aGCL /
_cGCL
082 0 4 _a301.29
_bق ت
100 1 _aقبارى اسماعيل
245 1 0 _aتيارات معاصرة فى علم الاجتماع /
_cقبارى اسماعيل
260 _a[S.N] :
_bالمكتب العربى الحديث ،
_c1979
300 _a294 ص
490 _a
650 0 4 _aالاجتماع
942 _2ddc
_cBK
999 _c55172
_d55172